|
|
|
|
| LEADER |
00878cam a2200241 7i4500 |
| 001 |
0000067868 |
| 005 |
20220405090000.0 |
| 020 |
|
|
|a 9780316435376 (hardback)
|
| 090 |
0 |
0 |
|a HM743.R447
|b L34 2018
|
| 100 |
1 |
|
|a Lagorio-Chafkin, Christine
|
| 245 |
1 |
0 |
|a We are the nerds :
|b the birth and tumultuous life of Reddit, the internet's culture laboratory
|c Christine Lagorio-Chafkin.
|
| 264 |
|
|
|a New York:
|b Hachette Books,
|c 2018.
|
| 300 |
|
|
|a xiii, 492 pages:
|b colour illustrations;
|c 24 cm.
|
| 336 |
|
|
|a text
|2 rdacontent
|
| 337 |
|
|
|a unmediated
|2 rdamedia
|
| 338 |
|
|
|a volume
|2 rdacarrier
|
| 610 |
2 |
|
|a Reddit (Firm)
|
| 650 |
|
0 |
|a Internet --
|x Social aspects
|
| 650 |
|
0 |
|a Online chat groups
|
| 650 |
|
0 |
|a Online social networks
|
| 997 |
|
|
|a Selangor Business School
|
| 998 |
|
|
|a Business Administration, Master
|
| 999 |
|
|
|a SBS0000475
|b BOK
|c OPEN SHELF
|e 1st Floor, Bestari Jaya
|